000
00346 a2200169 4500
001
62185
020
_a
8516017834
040
_c
Anchieta - Pituba
100
_a
Boccanera, Silio
240
1
0
_a
Jogo duplo
_l
por
245
1
0
_a
Jogo duplo
300
_a
221
362
0
_a
1997
440
1
_a
Moderna
650
4
_a
Ficção brasileira
942
_c
BK
999
_c
62185
_d
62185